000 02319nim a2200421 i 4500
001 197146
003 ES-MaACL
005 20251219215958.0
007 ss lsnjlcipnne
008 250424s1990 sp nnnn |||| 00| spa d
040 _bspa
_cES-MaACL
245 0 0 _aEuropa 1993. España ante el mercado único
_h[Grabación sonora] :
_bmesa redonda /
_ccon motivo de la presentación del libro colectivo del mismo título.
260 _aMadrid :
_bAteneo de Madrid,
_c1990.
300 _a2 casetes (ca 180 min) :
_bson. ;
_c11 cm
490 1 _3Actos culturales en el Ateneo de Madrid
518 _aGrabado el 31 de enero de 1990 en el Salón de Actos del Ateneo de Madrid.
520 _aPresentación del libro "Europa 1993. España ante el mercado único", una obra colectiva coordinada por Santos Miguel Ruesga Benito. En el acto intervendrán varios de sus autores: Pablo Martín Urbano, con su capítulo "Los transportes: Europa a más velocidad", David M. Rivas, con "El medio ambiente: El medio ambiente como elemento para el mercado y la política medioambiental de la Comunidad Europea", José María Mella Márquez, con "Las regiones: Las disparidades regionales en la CEE ante el mercado único", y José Manuel García de la Cruz, con "Norte/Sur: La Comunidad Europea y Latinoamérica".
540 _aDocumento inédito.
594 _5Datos basados en la invitación.
610 2 0 _aAteneo de Madrid-
_xActos culturales-
_y1990-
_vGrabaciones sonoras
_9240083
610 0 4 _aComunidades Europeas-
_xPolítica económica
_93141
_2embne
651 4 _2embne
_98405
_aEspaña-
_xPolítica económica
653 _aArchivo de la palabra
655 0 _aConferencias
_9234444
700 1 _993665
_aPrat, José,
_epres
_d1905-1994
700 1 _aGarcía de la Cruz, José Manuel
_eora
_9240138
700 1 _aMartín Urbano, Pablo
_eora
_9240139
700 1 _aMella, Xosé María
_eora
_9240140
700 1 _aRivas, David M.
_eora
_997554
700 0 _aRuesga Benito, Santos M.
_eora
_9100536
710 2 _91875
_aAteneo de Madrid
_ehis
830 0 _aActos culturales en el Ateneo de Madrid
_9240237
852 _aES-MaACL
_cDEPOZ
_pCinta 1
_9205129
852 _aES-MaACL
_cDEPOZ
_pCinta 2
_9205130
942 _2udc
_n0
_cCINTASAUD
999 _c197146
_d197146